000 00414nam a2200157 i 4500
001 bg
100 1 _aDANILEVIC, Vsevolod V.
245 0 _aVremennye izmerenija w fiziceskom eksperimente /
_cV.V. Danilewic, A.F. Cernjavskij.
260 _aKiev,
_c1984.
700 1 _aCERNJAVSKIJ, Aleksandr F.
040 _cBPK
041 _apol
080 _a53.08
942 _cKS
008 s pl f |000 0 pol
999 _c28026
_d28026
856 _uhttp://koha.tu.koszalin.pl/cgi-bin/koha/opac-detail.pl?biblionumber=28026
_yKatalog online BPK